| 000 | 00609nam a2200217 a 4500 | ||
|---|---|---|---|
| 001 | 18365 | ||
| 003 | CO-ViMGA | ||
| 008 | 141112s2004 ck r 000 u spa d | ||
| 020 | _a9275310578 | ||
| 040 |
_aCO-ViMGA _bspa _cCO-ViMGA |
||
| 082 | 0 | 4 | _a612.5 O741s |
| 100 | 1 |
_aOrganización PanAméricana de la salud, _926130 |
|
| 245 | 1 | 0 | _aSalud sexual y reproductiva |
| 260 |
_aWashington, _cOPS, _c1995 |
||
| 300 | _a36.p. | ||
| 590 | _aForma de adquisición : Premio - Mincultura | ||
| 650 | 1 | 4 | _aeducación SEXUAL |
| 650 | 1 | 4 |
_aFECUNDIDAD _926131 |
| 650 | 1 | 4 |
_aREPRODUCCION HUMANA _93611 |
| 942 |
_2ddc _cBK |
||
| 999 |
_c27667 _d27667 |
||